Κατάλογος Βιβλιοθηκών Mediterranean College

Το τελεσίγραφο / (Record no. 10082)

MARC details
000 -LEADER
fixed length control field 02071nam a22002537a 4500
003 - ΤΑΥΤΟΤΗΤΑ ΤΟΥ ΑΡΙΘΜΟΥ ΕΛΕΓΧΟΥ
Πεδίο ελέγχου GR-AtMCL
005 - ΗΜΕΡΟΜΗΝΙΑ ΚΑΙ ΩΡΑ ΤΕΛΕΥΤΑΙΑΣ ΕΝΗΜΕΡΩΣΗΣ
Πεδίο ελέγχου 20260127123106.0
006 - FIXED-LENGTH DATA ELEMENTS--ADDITIONAL MATERIAL CHARACTERISTICS
Πεδίο ελέγχου σταθερού μήκους a|||||r|||||||||||
008 - FIXED-LENGTH DATA ELEMENTS--GENERAL INFORMATION
Πεδίο ελέγχου σταθερού μήκους s202303 gr |||||||||||||||||gre|d
020 ## - ISBN
ISBN 9789606536373
040 ## - ΠΗΓΗ ΚΑΤΑΛΟΓΟΓΡΑΦΗΣΗΣ
Φορέας πρωτότυπης καταλογογράφησης MC Athens Campus Library
Γλώσσα καταλογογράφησης Ελληνικά, Μοντέρνα (1453-)
Modifying agency MC Athens Campus Library
041 1# - ΓΛΩΣΣΑ
Κωδικός γλώσσας πρωτότυπου Γερμανικά
100 ## - MAIN ENTRY--PERSONAL NAME
Personal name Fitzek, Sebastian
9 (RLIN) 10295
240 10 - ΟΜΟΙΟΜΟΡΦΟΣ ΤΙΤΛΟΣ
Ομοιόμορφος τίτλος Heimmeg.
Language of a work Ελληνικά
245 13 - ΤΙΤΛΟΣ ΚΑΙ ΔΗΛΩΣΗ ΥΠΕΥΘΥΝΟΤΗΤΑΣ
Τίτλος Το τελεσίγραφο /
Statement of responsibility, etc. Sebastian Fitzek ; μετάφραση Δέσποινα Κανελλοπούλου
250 ## - EDITION STATEMENT
Edition statement 1η ελληνική έκδοση
264 #1 - PRODUCTION, PUBLICATION, DISTRIBUTION, MANUFACTURE, AND COPYRIGHT NOTICE
Place of production, publication, distribution, manufacture Περιστέρι :
Name of producer, publisher, distributor, manufacturer Διόπτρα,
Date of production, publication, distribution, manufacture, or copyright notice 2023
300 ## - PHYSICAL DESCRIPTION
Extent 441 σ. ;
Διαστάσεις 21 εκ.
500 ## - GENERAL NOTE
Γενική σημείωση Το κείμενο είναι μεταφρασμένο από τα γερμανικά
520 ## - SUMMARY, ETC.
Summary, etc. Αν ξέρεις την ώρα του θανάτου σου, έχεις κιόλας αρχίσει να πεθαίνεις… Είναι Σάββατο βράδυ, λίγο μετά τις δέκα. Ο Τζουλς Τάνμπεργκ έχει βάρδια σε μια τηλεφωνική γραμμή βοήθειας για γυναίκες που θέλουν ν’ ακούν μια καθησυχαστική φωνή καθώς επιστρέφουν σπίτι μόνες αργά τη νύχτα, ή που τηλεφωνούν γιατί όντως κινδυνεύουν. Ως τώρα δεν έχει υπάρξει περίπτωση που να απειλείται η ζωή κάποιας. Όμως απόψε ο Τζουλς μιλάει με την Κλάρα… Η νεαρή γυναίκα είναι τρομοκρατημένη. Πιστεύει ότι κάποιος την έχει βάλει στο στόχαστρο. Κάποιος που της έχει γράψει με αίμα στον τοίχο μια ημερομηνία: τη μέρα του θανάτου της. Κι αυτή η μέρα ξημερώνει σε λιγότερο από δύο ώρες.
700 ## - ΠΡΟΣΘΕΤΗ ΑΝΑΓΡΑΦΗ--ΦΥΣΙΚΟ ΠΡΟΣΩΠΟ
Personal name Κανελλοπούλου, Δέσποινα
9 (RLIN) 10296
942 ## - ADDED ENTRY ELEMENTS (KOHA)
Koha item type Books
Holdings
Τύπος τεκμηρίου Βιβλιοθήκη Τρέχουσα τοποθεσία Barcode Αριθμός εισαγωγής Ημερομηνία απόκτησης Ταξιθετικό σύμβολο Αριθμός αντιτύπου Κατάσταση απόσυρσης Κατάσταση χαμένου Κατάσταση κατεστραμμένου Μη δανεισμός Σύνολο δανεισμών Ημερομηνία τελευταίας εμφάνισης Η τιμή ισχύει από
Books MC Athens Campus Library MC Athens Campus Library 9780000100894 8272 27/01/2026 833.92 FIT 1           27/01/2026 27/01/2026

MC Athens Campus Library
Πατησίων 94 & Κοδριγκτώνος 13, 104 34
Πελλήνης 8 & Πατησίων 107, 112 51
Τ: +30 210 8899600

MC Thessaloniki Campus Library
Ίωνος Δραγούμη 21, 54625 | Ίωνος Δραγούμη 15, 54625
Τ: +30 2310 287779 – Τ: +30 2314 440300